00507nam a2200181Ia 4500008004100000020001800041082000800059100002700067245002700094250000600121260003300127300001700160500002400177650001000201942000700211952009000218999001700308230524s9999 xx 000 0 und d a9788126533138 bPAU aPatrick Paultre942890 0aDynamics of Structures a2 aNew DelhibWiley Indiac2014 a"XIII,773p;" aQuantity Number: 1 aCivil cBK 00104070aTATCLbTATCLcGENd2023-05-24l0o PAUp54152r2023-05-24w2023-05-24yBK c57860d57860